101 câu hỏi thường gặp trong nông nghiệp
Sách trình bày môi trường nuôi tôm sú, kỹ thuật nuôi và chăm sóc, các loại bệnh và cách phòng trị.
Zapisane w:
| 1. autor: | |
|---|---|
| Format: | Książka |
| Język: | Undetermined |
| Wydane: |
Thành phố Hồ Chí Minh
Trẻ
2001
|
| Hasła przedmiotowe: | |
| Etykiety: |
Dodaj etykietę
Nie ma etykietki, Dołącz pierwszą etykiete!
|
| Thư viện lưu trữ: | Trung tâm Học liệu Trường Đại học Cần Thơ |
|---|
| LEADER | 00809nam a2200193Ia 4500 | ||
|---|---|---|---|
| 001 | CTU_42920 | ||
| 008 | 210402s9999 xx 000 0 und d | ||
| 082 | |a 630 | ||
| 082 | |b H401/T.10 | ||
| 100 | |a Trần, Văn Hòa | ||
| 245 | 0 | |a 101 câu hỏi thường gặp trong nông nghiệp | |
| 245 | 0 | |c Trần Văn Hòa, Trần Văn Đởm, Đặng Văn Khiêm chủ biên | |
| 260 | |a Thành phố Hồ Chí Minh | ||
| 260 | |b Trẻ | ||
| 260 | |c 2001 | ||
| 520 | |a Sách trình bày môi trường nuôi tôm sú, kỹ thuật nuôi và chăm sóc, các loại bệnh và cách phòng trị. | ||
| 650 | |a Shrimps | ||
| 904 | |i Minh, Hải sửa số pl 630/K600/T.10 thành 630/H401/T.10 | ||
| 980 | |a Trung tâm Học liệu Trường Đại học Cần Thơ | ||